000 00337nam a2200133Ia 4500
008 220204s9999 xx 000 0 und d
082 _a581.4:001.814
_bROB
245 0 _aNew research in plant anatomy.
260 _aLondon
_bAcademic
_c1970
650 _aPlant anatomy
650 _aSeed anatomy
700 _aROBSON, N K B
942 _cBK
999 _c22486
_d22486